Universals of language

Spremljeno u:
Bibliografski detalji
Glavni autor: Greenberg, Joseph
Format: Knjiga
Jezik:Undetermined
Izdano: New York, Estados Unidos Institute of Technology 1968
Teme:
Oznake: Dodaj oznaku
Bez oznaka, Budi prvi tko označuje ovaj zapis!

MARC

LEADER 00000nam a2200000Ia 4500
008 170316s9999 xx 000 0 und d
090 |a 410 G-15u 
100 |a Greenberg, Joseph 
245 |a Universals of language 
260 |a New York, Estados Unidos 
260 |b Institute of Technology 
260 |c 1968 
300 |a 337 páginas 
650 |a LINGÜÍSTICA 
999 |c 18402  |d 18402 
040 |a cru BVZT 
942 |c 15 D  |h 410 G-15u  |2 z